| 000 | 01443nam a2200361 a 4500 | ||
|---|---|---|---|
| 001 | ebr5004936 | ||
| 003 | CaPaEBR | ||
| 006 | m u | ||
| 007 | cr cn||||||||| | ||
| 008 | 010629m20019999ne sb 001 0 eng | ||
| 010 | _z 2001037888 | ||
| 020 | _z1588110826 (US) | ||
| 020 | _z1588110834 (US : pbk.) | ||
| 020 | _z9027218404 (Eur) | ||
| 040 |
_aCaPaEBR _cCaPaEBR |
||
| 035 | _a(OCoLC)632794288 | ||
| 041 | 0 | _aeng | |
| 050 | 1 | 4 |
_aP240.7 _b.G45 2001eb |
| 082 | 0 | 4 |
_a415 _221 |
| 245 | 0 | 0 |
_aGender across languages _h[electronic resource] : _bthe linguistic representation of women and men / _cedited by Marlis Hellinger, Hadumod Bussmann. |
| 260 |
_aAmsterdam ; _aPhiladelphia : _bJ. Benjamins, _c2001- |
||
| 300 | _av. <1 >. | ||
| 490 | 1 |
_aImpact, studies in language and society, _x1385-7908 ; _vv. 9 |
|
| 504 | _aIncludes bibliographical references and indexes. | ||
| 533 |
_aElectronic reproduction. _bPalo Alto, Calif. : _cebrary, _d2013. _nAvailable via World Wide Web. _nAccess may be limited to ebrary affiliated libraries. |
||
| 650 | 0 |
_aGrammar, Comparative and general _xGender. |
|
| 655 | 7 |
_aElectronic books. _2local |
|
| 700 | 1 | _aHellinger, Marlis. | |
| 700 | 1 | _aBussmann, Hadumod. | |
| 710 | 2 | _aebrary, Inc. | |
| 830 | 0 |
_aImpact, studies in language and society ; _v9. |
|
| 856 | 4 | 0 |
_uhttp://site.ebrary.com/lib/rucke/Doc?id=5004936 _zAn electronic book accessible through the World Wide Web; click to view |
| 999 |
_c1442 _d1442 |
||